000
00328nam a22001457a 4500
008
230414b ||||| |||| 00| 0 eng d
020
_a
0882770543
041
_a
eng
080
_2
FIFTH EDITION
_a
34
082
_a
34JEN
100
_a
31
101
_a
JURED
245
_a
SECURITIES REGULATION
_c
JENNINGS.W.R
942
_2
udc
_c
BK
999
_c
59564
_d
59564